Los araucanos en el misterio de los Andes / (Registro nro. 2699)

Detalles MARC
000 -LEADER
fixed length control field 01550nam a2200205 a 4500
008 - CAMPO DE CONTROL (LIBRO)
fixed length control field 011117t1979 ag |||g |||| 000 1 spa d
020 ## - INTERNATIONAL STANDARD BOOK NUMBER
ISBN S/N
041 ## - CODIGO DE IDIOMA
Código de idioma del texto/pista de sonido o título separado spa
092 ## - SIGNATURA TOPOGRAFICA DEWEY LOCAL
número de clasificación 808
libristica 46
sección KUR
100 1# - ENTRADA PRINCIPAL--NOMBRE PERSONAL
Nombre personal Kurteff, Aida
9 (RLIN) 3529
245 #4 - TITULO PROPIAMENTE DICHO
Título Los araucanos en el misterio de los Andes /
Mención de responsabilidad y remanente de la transcripción de la portada Aida Kurteff
250 ## - MENCION DE EDICION
Mención de edición 1a ed.
260 ## - PIE DE IMPRENTA
Lugar de publicación, distribución, etc Buenos Aires:
Nombre de la editorial, distribuidor, etc Plus Ultra;
Fecha de publicación 1979.
300 ## - DESCRIPCION FISICA
Extension 157 p.
500 ## - NOTA GENERAL
Nota general Kurteff, A. (1979). Los araucanos en el misterio de los Andes. (1a ed.). Buenos Aires : Plus Ultra.<br/>
505 ## - NOTA DE CONTENIDO
Nota de contenido formateada Los indígenas de América y sus culturas, náufragos de la antigüedad remota que sobreviven en el complejo de la civilización contemporánea, convalidan el interés por conocer quiénes son y qué fueron esos pueblos de enigmático origen que habitaban milenariamente nuestras tierras y que hoy se nos aparecen como incrustaciones preciosas, singulares, dentro del enorme mosaico racial y cultural de América. Con el presente volumen "Los araucanos en el misterio de los Andes", Aida Kurtelf -su autora- nos acerca al misterioso origen de estos antiguos pobladores que ocupaban gran parte del territorio chileno y de la Patagonia y en las pampas argentinas. Pero, sobre todo, es un intento por develarnos los caracteres esenciales -y originales- de la religión araucana. Escrito en lenguaje fluido y ameno, interesará tanto a los estudiosos como al lector deseoso por conocer vida y costumbres de los indígenas.
590 ## - NOTAS LOCALES (RLIN)
Nota local Donación. Proyecto Literatura 4to libro
655 ## - MATERIA - GENERO/FORMA
Género/Forma Literatura
-- 2917
942 ## - ADDED ENTRY ELEMENTS (KOHA)
Source of classification or shelving scheme Dewey Decimal Classification
Item type LITERATURA
Existencias
Estado de retiro Existencia Fuente de clasificación Estado general No para prestamo Ubicación permanente ubicación actual Sala de ubicación Fecha de adquisición Fuente de adquisición Total Checkouts Total Renewals Número de clasificación Código de barras Date last seen Date last borrowed Número de ejemplar Price effective from Koha tipo de elemento (item) Public note
    Dewey Decimal Classification     Biblioteca Medicina Biblioteca Medicina Circulación 08/03/2018 Donación Dr. Julio Arce, Marzo 2018. 2 1 808 46 KUR 4195 28/09/2022 14/09/2022 Ej. 1 08/03/2018 LITERATURA Proyecto 4to libro. Donación Dr. Julio Arce, Marzo 2018.

UNIVERSIDAD NACIONAL DEL COMAHUE
Biblioteca de la Facultad de Ciencias Médicas
Sede Toschi: Los Arrayanes y Av. Toschi, Cipolletti  - Rio Negro
Sede Los Tordos:  Yrigoyen al 2211, Cipolletti - Rio Negro 

Teléfono: 0299 - 4774707 int 25
Contacto: biblioteca@facimed.uncoma.edu.ar
© 2011 - 2026